00382pab a2200145 454500008004000000100002300040245002600063260000900089300001100098362001100109650003500120650004400155650002200199773001500221180718b2007 xxu||||| |||| 00| 0 eng d aMukherjee, Amitava aMassacre in Nandigram c2007 ap.3-4. a24 Mar aViolence - India - West Bengal aAgricultural land - India - West Bengal aAgricultural land aMainstream